书目信息 |
| 题名: |
金器鉴赏与工艺
|
|
| 作者: | 刘道荣 , 崔文智 , 刘景瑜 编著 | |
| 分册: | ||
| 出版信息: | 天津 百花文艺出版社 2005.01 |
|
| 页数: | 351页, [60] 页图版 | |
| 开本: | 21cm | |
| 丛书名: | ||
| 单 册: | ||
| 中图分类: | K876.43 , TS934.3 | |
| 科图分类: | ||
| 主题词: | 金银器(考古)--jin yin qi(kao gu)--鉴赏 , 金银饰品--jin yin shi pin--生产工艺 | |
| 电子资源: | ||
| ISBN: | 7-5306-4125-5 | |
| 000 | 01025nam0 2200289 450 | |
| 001 | 012008751593 | |
| 005 | 20080317115309.76 | |
| 010 | @a7-5306-4125-5@dCNY31.00 | |
| 100 | @a20080317d2005 km y0chiy0120 ea | |
| 101 | 0 | @achi |
| 102 | @aCN@b120000 | |
| 105 | @aaf a 000yy | |
| 106 | @ar | |
| 200 | 1 | @a金器鉴赏与工艺@Ajin qi jian shang yu gong yi@f刘道荣, 崔文智, 刘景瑜编著@Fliu dao rong,cui wen zhi,liu jing yu bian zhu |
| 210 | @a天津@c百花文艺出版社@d2005.01 | |
| 215 | @a351页, [60] 页图版@c图@d21cm | |
| 320 | @a有书目 (第346-351页)。 | |
| 330 | @a本书介绍了黄金文化、金器发展历史、世界各国和中国古代金器的辉煌成就。同时介绍了金器的传统工艺和金器制作。 | |
| 606 | 0 | @a金银器(考古)@Ajin yin qi(kao gu)@x鉴赏 |
| 606 | 0 | @a金银饰品@Ajin yin shi pin@x生产工艺 |
| 690 | @aK876.43@v4 | |
| 690 | @aTS934.3@v4 | |
| 701 | 0 | @a刘道荣@Aliu dao rong@4编著 |
| 701 | 0 | @a崔文智@Acui wen zhi@4编著 |
| 701 | 0 | @a刘景瑜@Aliu jing yu@4编著 |
| 801 | 0 | @aCN@bQSSK@c20080317 |
| 905 | @b20286440-42@dK876.43@eL605@f3 | |
| 金器鉴赏与工艺/刘道荣, 崔文智, 刘景瑜编著.-天津:百花文艺出版社,2005.01 |
| 351页, [60] 页图版:图;21cm |
| ISBN 7-5306-4125-5:CNY31.00 |
| 本书介绍了黄金文化、金器发展历史、世界各国和中国古代金器的辉煌成就。同时介绍了金器的传统工艺和金器制作。 |
| ● |
| 相关链接 |
|
|
|
正题名:金器鉴赏与工艺
索取号:K876.43/L605
 
预约/预借
| 序号 | 登录号 | 条形码 | 馆藏地/架位号 | 状态 | 备注 |
| 1 | 286440 | 202864409 | 社科库309/309社科库 8排3列4层/ [索取号:K876.43/L605] | 在馆 | |
| 2 | 286441 | 202864418 | 社科库309/309社科库 8排3列4层/ [索取号:K876.43/L605] | 在馆 | |
| 3 | 286442 | 202864427 | 社科库309/309社科库 8排3列4层/ [索取号:K876.43/L605] | 在馆 |